| 000 -LEADER |
| fixed length control field |
00540nam a22001817a 4500 |
| 008 - FIXED-LENGTH DATA ELEMENTS--GENERAL INFORMATION |
| fixed length control field |
131127b xxu||||| |||| 00| 0 ger d |
| 020 ## - INTERNATIONAL STANDARD BOOK NUMBER |
| International Standard Book Number |
9783708304274 |
| 041 0# - LANGUAGE CODE |
| Language code of text/sound track or separate title |
ger |
| 080 ## - UNIVERSAL DECIMAL CLASSIFICATION NUMBER |
| Universal Decimal Classification number |
347 |
| 110 ## - |
| -- |
Bundesministerium für Justiz |
| 245 ## - TITLE STATEMENT |
| Title |
Justiz für die zukunftsgesellschaft / |
| Statement of responsibility, etc |
Bundesministerium für Justiz |
| 260 ## - |
| -- |
Wien : |
| -- |
NWV Verlag ; |
| -- |
2007. |
| 300 ## - |
| -- |
265 f. : |
| -- |
22 cm. |
| 490 ## - |
| -- |
Schriftenreihe des Bundesministerium für Justiz - Band 131 |
| 650 #0 - |
| -- |
E drejta |
| 650 #0 - |
| -- |
E drejta civile |
| 942 ## - ADDED ENTRY ELEMENTS (KOHA) |
| Source of classification or shelving scheme |
|
| Item type |
Books |